Jolly's Diseases of children / (Record no. 1616)
[ view plain ]
| 000 -LEADER | |
|---|---|
| fixed length control field | 00603nam a22002057a 4500 |
| 003 - CONTROL NUMBER IDENTIFIER | |
| control field | OSt |
| 005 - DATE AND TIME OF LATEST TRANSACTION | |
| control field | 20150428145219.0 |
| 008 - FIXED-LENGTH DATA ELEMENTS--GENERAL INFORMATION | |
| fixed length control field | 150428b xxu||||| |||| 00| 0 eng d |
| 020 ## - INTERNATIONAL STANDARD BOOK NUMBER | |
| International Standard Book Number | 0632027231 |
| 040 ## - CATALOGING SOURCE | |
| Transcribing agency | DNLM |
| 082 ## - DEWEY DECIMAL CLASSIFICATION NUMBER | |
| Classification number | WS 200 J685l 1991 |
| 245 ## - TITLE STATEMENT | |
| Title | Jolly's Diseases of children / |
| Statement of responsibility, etc. | Edited by Malcolm I. Levene |
| 250 ## - EDITION STATEMENT | |
| Edition statement | 6th ed. |
| 260 ## - PUBLICATION, DISTRIBUTION, ETC. (IMPRINT) | |
| Place of publication, distribution, etc. | London: |
| Name of publisher, distributor, etc. | Blackwell Scientific Publications; |
| Date of publication, distribution, etc. | 1991. |
| 300 ## - PHYSICAL DESCRIPTION | |
| Extent | xii, 594 p : |
| Other physical details | ill; |
| Dimensions | 26 cm |
| 504 ## - BIBLIOGRAPHY, ETC. NOTE | |
| Bibliography, etc | Includes references and index |
| 610 ## - SUBJECT ADDED ENTRY--CORPORATE NAME | |
| Corporate name or jurisdiction name as entry element | Disease of children |
| 9 (RLIN) | 4258 |
| 700 ## - ADDED ENTRY--PERSONAL NAME | |
| Relator code | Editor |
| Personal name | Levene Malcolm I. |
| 9 (RLIN) | 856 |
| 942 ## - ADDED ENTRY ELEMENTS (KOHA) | |
| Source of classification or shelving scheme | Other/Generic Classification Scheme |
| Koha item type | Short Loan |
| Withdrawn status | Lost status | Source of classification or shelving scheme | Damaged status | Not for loan | Home library | Current library | Date acquired | Source of acquisition | Inventory number | Total Checkouts | Full call number | Barcode | Date last seen | Price effective from | Koha item type |
|---|---|---|---|---|---|---|---|---|---|---|---|---|---|---|---|
| Other/Generic Classification Scheme | MUST Main Library | MUST Main Library | 28/04/2015 | 2000/14809 | WS 200 J685l 1991 | 2015-1206 | 28/04/2015 | 28/04/2015 | Short Loan | ||||||
| Other/Generic Classification Scheme | MUST Main Library | MUST Main Library | 05/05/2015 | 1997/11552 | WS 200 J685l 1991 | 2015-1344 | 05/05/2015 | 05/05/2015 | Short Loan |
